Responses for show #571 - Monday, February 16, 1987

1987 Teen Tournament quarterfinal game 1.
Inaugural Teen Tournament game.

Contestants

Curt King, a junior at Eleanor McMain Magnet High School from New Orleans, Louisiana

Dawn Marie Nolan, a senior at Fletcher Senior High School from Jacksonville Beach, Florida

Paul Egendorf, a senior at Tustin High School from Tustin, California

Jeopardy! Round responses

BIRDS
THE LIBRARY
LEAD SINGERS
PLAYTIME
CURRENT EVENTS
CAR TALK
    $100 23
upside-down

Dawn
    $100 10
three activities prohibited in the library

Triple Stumper
    $100 1
Phil Collins

Paul
    $100 4
Rambo

Dawn
    $100 9
an exclamation mark

Dawn
    $100 21
(Curt: What is... skid marks?)
...
(Alex: Yes, you've got a lot of heat generated.)

smoke

PaulCurt
    $200 24
Hawaii

Curt
    $200 11
(Dawn: What is the first letter of the last name of the author?)

R

PaulDawn
    $200 2
Sting

Dawn
    $200 5
Star Wars

Dawn
    $200 15
the United States of America

Dawn
    $200 22
restore (or replace or repair)

Dawn
    $300 27
(Dawn: What is its beak?)
(Curt: What is its wing?)

its tail

DawnCurt
Triple Stumper
    $300 12
circulation

Paul
    $300 3
George Michael

Curt
    $300 6
Rubik

Dawn
    $300 16
Reykjavik

Paul
    $300 25
on a tow truck

Paul
    $400 13
the Dewey Decimal system

Dawn
    $400 18
Annie Lennox

Curt
    $400 7
(Dawn: Who is Procter & Gamble?)
(Paul: Who is Kenner?)

Milton Bradley

PaulDawn
Triple Stumper
    $200 17
hostages that were released from Beirut

Paul
    $400 26
(Dawn: What is the front end?)
(Paul: What is the chassis?)

the top

PaulDawn
Triple Stumper
    $500 14
(Marian the) librarian

Paul
    $500 20
David Byrne

Curt
    $500 8
Jem

Curt
    $500 19
Nebraska

Paul

Scores at the first commercial break (after clue 11):

Paul Dawn Curt
-$100 $300 $800

Scores at the end of the Jeopardy! Round:

Paul Dawn Curt
$1,700 $500 $1,500

Double Jeopardy! Round responses

LITERATURE
THE WORLD
TEEN QUEENS
QUOTES
AMERICAN HOLIDAYS
(Alex: And something we all enjoy...)
DESSERTS
    $200 1
(Sir Arthur Conan) Doyle

Paul
    $200 15
the Equator

Curt
    $200 8
Cleopatra

Paul
    $200 20
(Curt: What is a woman?)
[Laughter]
(Alex: No, sorry. I like your thinking, though.)

peace

PaulCurt
    $200 2
(Paul: What is the third?)

the fourth Thursday

PaulDawn
    $200 5
Vienna

Paul
    $400 4
Jacob Marley

Paul
    $400 16
30%

Dawn
    $400 9
France

Curt
    $400 21
the present

Paul
    $400 3
(Dawn: What is Fat Tuesday?) [originally ruled incorrect]
...
(Alex: [*], yes, that's what we were going for.)

Mardi Gras

PaulDawn
    $400 6
meringue

Dawn
    $500 7
(Dawn: No answer.)
(Alex: Oh, that's too bad.)

Scheherezade

Dawn
    $600 17
Homo sapiens

Dawn
    $600 10
Marie Antoinette

Paul
    $1,000 24
Disney

Paul
    $600 11
Labor Day

Dawn
    $600 22
sherbet

Paul
    $800 13
Harriet Beecher Stowe

Paul
    $800 18
Mexico

Triple Stumper
    $800 25
Victoria

Paul
    $800 28
(Dawn: [*]? P-E-P-Y-S?)
(Alex: No, I'm sorry, I can't accept that. You didn't phrase it in the form of a question. All right, it is [*]. Select again, please.)

Samuel Pepys

Dawn
Triple Stumper
    $800 12
Veterans Day

Paul
    $800 23
cobbler

Paul
    $1000 14
Evangeline

Dawn
    $1000 19
the Soviet Union

Paul
    $1000 26
Lady Jane Grey

Dawn
    $1000 29
Susan B. Anthony

Paul
    $1000 27
Thomas Jefferson

Triple Stumper

Scores at the end of the Double Jeopardy! Round:

Paul Dawn Curt
$10,900 $3,800 $1,900
(lock game)

Final Jeopardy! Round responses

BODIES OF WATER
(Alex: [To Curt] Well, you did the wise thing, you ventured everything that you had, knowing that you wanted to be one of the high scorers.)
...
(Dawn: I was starting to write something and I didn't quite finish.)
(Alex: And you didn't finish it, and I can't read it. Lake Sun and Lake Huron.)
(Dawn: Well, it started to be Superior.)
(Alex: Ah. Started to be Superior?)
(Dawn: Started to be Superior.)
(Alex: Started to be Superior, that's incorrect.)
CurtWhat are Superior Huron & Erie
$1,900
DawnWhat are Lake Erie Sup + Lake Huron
$3,500
PaulWhat are Erie & Ontario?
$100
Lake Huron & Lake Ontario

Final scores:

Paul Dawn Curt
$10,800 $300 $0
Automatic semifinalist 2nd place: $1,000 if eliminated 3rd place: $1,000 if eliminated

Game dynamics:

Coryat scores:

Paul Dawn Curt
$10,700 $4,300 $1,900
25 R
(including 2 DDs),
3 W
17 R,
6 W
(including 1 DD)
7 R,
3 W

Combined Coryat: $16,900

The J! Archive is created by fans, for fans. The Jeopardy! game show and all elements thereof, including but not limited to copyright and trademark thereto, are the property of Jeopardy Productions, Inc. and are protected under law. This website is not affiliated with, sponsored by, or operated by Jeopardy Productions, Inc. Join the discussion at JBoard.tv.